Statistics for Video Games by the Main Character Name

Click here to take the quiz!

General Stats

  • This quiz has been taken 35 times
  • The average score is 20 of 36

Answer Stats

HintAnswer% Correct
KratosGod of War
97%
Nathan DrakeUncharted
90%
Master ChiefHalo
87%
Agent 47Hitman
87%
Lara CroftTomb Raider
87%
DoomguyDOOM
84%
Arthur MorganRed Dead Redemption 2
77%
Soap MacTavishCall of Duty
74%
Michael De SantaGrand Theft Auto
74%
Solid SnakeMetal Gear Solid
71%
RatchetRatchet and Clank
71%
Ezio AuditoreAssassin's Creed
68%
Cloud StrifeFinal Fantasy
68%
SteveMinecraft
68%
Joel MillerThe Last of Us
68%
Leon KennedyResident Evil
65%
Geralt of RiviaThe Witcher
61%
GladosPortal
58%
SackboyLittle Big Planet
55%
Gordon FreemanHalf-Life
48%
Rico RodriguezJust Cause
48%
Cal KestisStar Wars Jedi
48%
BJ BlazkowiczWolfenstein
48%
AloyHorizon
45%
Sam FisherSplinter Cell
45%
Jin SakaiGhost of Tsushima
42%
Vito ScalettaMafia
35%
Aiden PearceWatch Dogs
35%
Vault HunterBorderlands
32%
Commander ShepardMass Effect
32%
Bigby WolfThe Wolf Among Us
32%
Maxine CaulfieldLife Is Strange
29%
SpyroSpyro the Dragon
29%
Jesse FadenControl
16%
Ethan MarsHeavy Rain
16%
Faith ConnorsMirror's Edge
16%

Score Distribution

Percentile by Number Answered

Percent of People with Each Score

Your Score History

You have not taken this quiz